000 00432nam a2200181Ia 4500
001 15014
005 20260306164956.0
008 260306t2001||||xx |||||||||||||| ||spa||
041 _aESP
082 _a519.7
_bS18
100 _aSalazar González, Juan José
_eAUT
245 0 _aProgramación Matemática
260 _c2001
300 _a421 páginas :
_c24 cm.
650 _aGEN
654 _aCMA
942 _cLIB
_dJUS
_fJUS
_2ddc
_n
999 _c15014
_d15014